[Event "40th IND-chT Open 2020"]
[Site "Ahmedabad"]
[Date "2020.02.09"]
[Round "4.11"]
[White "Shyaamnikhil P"]
[Black "Das Susobhit"]
[Result "1-0"]
[WhiteElo "2460"]
[BlackElo "1846"]
[Annotator "TA"]
[PlyCount "43"]
[EventDate "2020.02.05"]
[EventCountry "IND"]
[SourceTitle "playchess.com"]
[Source "ChessBase"]
[SourceQuality "1"]

{[%evp 23,43,23,41,-4,0,0,14,20,12,9,9,9,81,52,274,77,268,269,578,575,1221,1221]} 1. Nf3 d5 2. g3 Nf6 3. Bg2 e6 4. O-O c5 5. d4 Nc6 6. c4 Be7 7. Nc3 O-O 8. cxd5 Nxd5 9. e4 Nxc3 10. bxc3 b6 11. Bf4 Na5 12. Re1 Bb7 13. h4 {D41: Queen's Gambit Declined: Semi-Tarrasch with 5 cxd5.} (13. d5 $5 {[%cal Rd5d6]} g5 14. Be3 $11) 13... cxd4 14. cxd4 {[%cal Bc3d4,Bd4d5,Bd5e6][%mdl 32]} Rc8 {[#]} 15. Qd3 $146 {The position is equal.} ({Predecessor:} 15. Qe2 Bb4 16. Red1 Bd6 17. Bg5 Qc7 18. Rac1 Qb8 19. e5 Ba3 20. Rxc8 Rxc8 21. Bf4 {1-0 (32) Thybo,J (2513)-Teplyi,I (2418) Svendborg 2019}) 15... h6 16. Rac1 Rxc1 17. Rxc1 Qa8 (17... Bc5 $11 {remains equal.}) 18. d5 Rd8 $2 {[#]} (18... exd5 $14 19. exd5 Rd8) 19. Bc7 $2 (19. Rc7 $1 $18) 19... Rf8 $2 (19... exd5 $16 20. Bxd8 dxe4) 20. Ne5 $18 f5 $2 (20... exd5 21. exd5 Qe8) 21. Ng6 Rf7 {intending ...fxe4.} 22. dxe6 {Accuracy: White = 60%, Black = 25%.} 1-0

[Event "40th IND-chT Open 2020"]
[Site "Ahmedabad"]
[Date "2020.02.09"]
[Round "4.12"]
[White "Ashutosh, Mohanty"]
[Black "Deepan Chakkravarthy J."]
[Result "0-1"]
[WhiteElo "1725"]
[BlackElo "2545"]
[Annotator "TA"]
[PlyCount "48"]
[EventDate "2020.02.05"]
[EventCountry "IND"]
[SourceTitle "playchess.com"]
[Source "ChessBase"]
[SourceQuality "1"]

{[%evp 12,48,6,0,14,2,25,25,26,15,43,0,0,0,0,0,0,0,0,-37,-19,-7,-7,-47,-47,-87,-74,-107,-102,-110,-127,-183,-174,-319,-308,-294,-244,-241,-241]} 1. d4 Nf6 2. c4 e6 3. Nc3 Bb4 4. Bd2 O-O 5. Nf3 a5 6. Qc2 d5 7. e3 Nbd7 {E11: Bogo-Indian.} 8. Bd3 b6 9. cxd5 exd5 {White has an edge.} 10. O-O Bb7 {[#]} 11. Nb5 $146 (11. a3 $5 {[%cal Ra3b4]} Be7 12. Rfd1 $11) ({Predecessor:} 11. a3 Bxc3 12. Bxc3 Ne4 13. Nd2 Ndf6 14. f3 Nxd2 {½-½ (14) Czerwonski,A (2365)-Jakubowski,K (2518) Katowice 2019}) 11... c6 12. Bxb4 axb4 13. Nd6 Ba6 $1 14. Bxa6 Rxa6 15. Nf5 g6 16. Ng3 Qa8 17. b3 c5 18. dxc5 bxc5 19. Nd2 Rc8 20. Rfc1 {[#]} c4 $1 {[%mdl 512]} 21. bxc4 (21. Rcb1 $17) 21... dxc4 $19 22. Nxc4 (22. h3 $142) 22... Rac6 23. Qb3 Qa6 {[%cal Rc6c4]} 24. Qxb4 Rxc4 {Accuracy: White = 45%, Black = 93%.} 0-1

[Event "40th IND-chT Open 2020"]
[Site "Ahmedabad"]
[Date "2020.02.09"]
[Round "4.13"]
[White "Chauhan, Joy"]
[Black "Krishna C R G"]
[Result "1/2-1/2"]
[WhiteElo "1864"]
[BlackElo "2443"]
[Annotator "TA"]
[PlyCount "91"]
[EventDate "2020.02.05"]
[EventCountry "IND"]
[SourceTitle "playchess.com"]
[Source "ChessBase"]
[SourceQuality "1"]

{[%evp 14,91,10,11,8,4,0,3,0,0,0,-11,-13,-14,-3,-38,0,0,0,0,6,6,4,-3,-3,-3,-4,-3,0,-8,-4,-1,0,0,0,-18,-11,-19,0,0,4,4,7,0,0,0,0,0,0,0,0,0,0,0,0,0,0,0,0,0,0,0,0,0,0,0,0,0,0,0,0,0,0,0,0,0,5,0,0,0]} 1. e4 e6 2. d4 d5 3. Nc3 Bb4 4. Nge2 dxe4 5. a3 Bxc3+ 6. Nxc3 Nc6 7. d5 {Nowadays more popular than 7.Bb5.} exd5 8. Qxd5 Be6 {C15: French: 3 Nc3 Bb4: Unusual White 4th moves.} 9. Qxe4 Nf6 10. Qh4 Qe7 11. Be3 O-O-O 12. Bb5 {[#] aiming for Bxc6.} Nd5 $1 13. Qxe7 Ndxe7 14. O-O {[#]} Nd4 $146 (14... a6 $5 {[%cal Ra6b5]} 15. Bd3 Bf5 $11) ({Predecessor:} 14... a6 15. Bxc6 Nxc6 16. Rfe1 Bf5 17. Re2 b6 18. f3 Kb7 19. Kf2 h5 20. Rd1 Rxd1 21. Nxd1 {½-½ (28) Bures,J (2491)-Rook,D (2436) ICCF email 2009}) 15. Bxd4 {The position is equal.} Rxd4 16. Rfd1 Rhd8 17. Rxd4 Rxd4 18. Rd1 Rxd1+ 19. Nxd1 $11 {[%mdl 4096] Endgame KBN-KBN} c6 20. Bd3 Kd7 21. f3 (21. Bxh7 g6 $17) 21... Kd6 22. Kf2 Ke5 23. g3 ({Of course not} 23. Bxh7 g6 $17) 23... h6 24. Ne3 g5 25. Bc4 f5 26. f4+ gxf4 27. gxf4+ Kf6 28. Kf3 Bxc4 29. Nxc4 {KN-KN} Ke6 30. Ne5 Nd5 31. Nd3 Kd6 32. Ne5 Ke6 33. Nd3 Kd6 34. Ne5 Ke7 35. Ng6+ Ke6 36. Ne5 Nf6 37. h3 Ne4 38. Ke3 Nf6 39. Kf3 Ne4 40. Ke3 Nd6 41. Kd4 Nc8 42. c4 Ne7 43. Nd3 {White wants to play Nc5+.} Kd6 44. Ne5 {next Nf7+ is good for White.} Ke6 45. Nd3 {Threatening Nc5+.} Kd6 46. Ne5 {Accuracy: White = 97%, Black = 97%.} 1/2-1/2

[Event "40th IND-chT Open 2020"]
[Site "Ahmedabad"]
[Date "2020.02.09"]
[Round "4.13"]
[White "Chauhan, Joy"]
[Black "Krishna C R G"]
[Result "*"]
[WhiteElo "1864"]
[BlackElo "2443"]
[Annotator "RC"]
[PlyCount "40"]
[EventDate "2020.02.05"]
[EventCountry "IND"]
[SourceTitle "playchess.com"]
[Source "ChessBase"]
[SourceQuality "1"]
[TimeControl "5400+30"]

1. e4 {[%emt 1:30:30]} e6 {[%emt 1:30:30]} 2. d4 {[%emt 0:00:30]} d5 {[%emt 0:00:30]} 3. Nc3 {[%emt 0:00:30]} Bb4 {[%emt 0:00:30]} 4. Nge2 {[%emt 0:00:30]} dxe4 {[%emt 0:00:30]} 5. a3 {[%emt 0:00:30]} Bxc3+ {[%emt 0:00:30]} 6. Nxc3 {[%emt 0:00:30]} Nc6 {[%emt 0:00:30]} 7. d5 {[%emt 0:00:30]} exd5 {[%emt 0:00:30]} 8. Qxd5 {[%emt 0:00:30]} Be6 {[%emt 0:00:30]} 9. Qxe4 {[%emt 0:00:30]} Nf6 {[%emt 0:00:30]} 10. Qh4 {[%emt 0:00:30]} Qe7 {[%emt 0:00:30]} 11. Be3 {[%emt 0:00:30]} O-O-O {[%emt 0:00:30]} 12. Bb5 {[%emt 0:00:30]} Nd5 {[%emt 0:00:30]} 13. Qxe7 {[%emt 0:00:30]} Ndxe7 {[%emt 0:00:30]} 14. O-O {[%emt 0:00:30]} Nd4 {[%emt 0:00:30]} 15. Bxd4 {[%emt 0:00:30]} Rxd4 {[%emt 0:00:30]} 16. Rfd1 {[%emt 0:00:30]} Rhd8 {[%emt 0:00:30]} 17. Rxd4 {[%emt 0:00:30]} Rxd4 {[%emt 0:00:30]} 18. Rd1 {[%emt 0:00:30]} Rd3 {[%emt 0:00:30]} 19. Rd2 Rxd2 20. Nd1 Rxd1+ *

[Event "40th IND-chT Open 2020"]
[Site "Ahmedabad"]
[Date "2020.02.09"]
[Round "4.14"]
[White "Das, Sayantan"]
[Black "Jay Kundaliya"]
[Result "1-0"]
[WhiteElo "2426"]
[BlackElo "2071"]
[Annotator "TA"]
[PlyCount "53"]
[EventDate "2020.02.05"]
[EventCountry "IND"]
[SourceTitle "playchess.com"]
[Source "ChessBase"]
[SourceQuality "1"]

{[%evp 9,53,10,31,22,23,19,21,19,58,62,62,41,76,86,64,65,130,122,163,156,301,318,569,573,561,564,719,381,364,334,340,254,261,237,287,297,349,380,29988,29989,29996,29997,29997,29998,29998,29999]} 1. e4 c5 2. Nf3 d6 3. Bb5+ Bd7 4. c4 Bxb5 5. cxb5 e5 6. Nc3 {B52: Sicilian: Moscow Variation with 3...Bd7} Nf6 7. d3 Be7 8. Bg5 {[#] The position is equal.} h6 $146 ({Predecessor:} 8... Nbd7 9. O-O h6 10. Bxf6 Nxf6 11. Qb3 O-O 12. Nd2 Qd7 13. Nc4 g5 14. Ne3 Bd8 {1-0 (31) Wynarczyk,R (1852)-Zamvar,V (1612) Edinburgh 2019}) 9. Bxf6 Bxf6 10. O-O g6 11. Nd2 O-O 12. Nc4 Bg7 (12... Be7 $14) 13. Nd5 Re8 14. Qd2 Bf8 (14... Rf8 $16 15. a4 b6) 15. f4 $18 Kg7 $2 (15... Nd7 {was called for.} 16. f5 Rb8 17. fxg6 fxg6) 16. Qf2 f5 17. exf5 {[#] Threatens to win with Qg3.} gxf5 18. Nce3 Nd7 19. Nxf5+ Kh7 20. Ng3 Nf6 21. Qf3 Nxd5 22. Qxd5 Re7 23. Ne4 exf4 $2 (23... Rg7 $18 24. f5 Qc7) 24. Nf6+ {[%mdl 64] [#] Zwischenzug. White mates.} Kg7 25. Qg8+ Kxf6 26. Rxf4+ Ke5 27. Re4+ {Accuracy: White = 85%, Black = 31%.} 1-0

[Event "40th IND-chT Open 2020"]
[Site "Ahmedabad"]
[Date "2020.02.09"]
[Round "4.15"]
[White "Thanki, Hemal Karsanji"]
[Black "Thejkumar, M. S."]
[Result "0-1"]
[WhiteElo "2154"]
[BlackElo "2438"]
[Annotator "TA"]
[PlyCount "58"]
[EventDate "2020.02.05"]
[EventCountry "IND"]
[SourceTitle "playchess.com"]
[Source "ChessBase"]
[SourceQuality "1"]

{[%evp 25,82,4,13,12,0,0,0,0,0,0,0,0,0,0,0,-12,-13,-7,-10,-12,-4,-12,-9,-151,-127,-372,-358,-360,-335,-349,-307,-343,-249,-261,-246,-404,-410,-412,-387,-1430,-458,-29982,-505,-862,-837,-2096,-1209,-29990,-29991,-29991,-29992,-29992,-29993,-29993,-29994,-29995,-29996,-29996,-29997]} 1. e4 c6 2. Nc3 d5 3. Nf3 Bg4 4. h3 Bh5 5. exd5 cxd5 6. Bb5+ Nc6 7. g4 Bg6 8. Ne5 Rc8 9. d4 e6 10. h4 f6 11. Nxg6 hxg6 12. Qd3 Kf7 13. Bxc6 Rxc6 14. Bd2 {B11: Caro-Kann: Two Knights Variation.} Bb4 15. a3 Bxc3 16. Bxc3 {[#] The position is equal.} f5 $146 ({Predecessor:} 16... Qc7 17. h5 Ne7 18. hxg6+ Nxg6 19. Rxh8 Nxh8 20. g5 f5 21. O-O-O Qf4+ 22. Qd2 Ng6 23. Bb4 b6 24. Re1 Rc4 25. Qxf4 Nxf4 26. Bd6 Nd3+ {0-1 (26) Vovk,I (2299)-Lintchevski,D (2541) Tallinn 2014}) 17. g5 Ne7 18. O-O-O Nc8 19. Bd2 Nd6 20. Kb1 Qb6 21. h5 gxh5 $40 {[%mdl 128] And now ...g6 would win. White needs to defend precisely.} 22. g6+ $1 Ke8 ({Don't play} 22... Kxg6 $6 23. Qg3+ Kf7 24. Rdg1 $16) 23. Bb4 Ne4 24. Rde1 (24. Qe2 $11 {remains equal.}) 24... a5 25. f3 $2 (25. Bd2 $17) 25... axb4 $19 26. fxe4 dxe4 ({Weaker is} 26... fxe4 27. Qg3 $19) 27. Qe3 bxa3 28. Qxa3 {Now Qa8+ and White clings on.} Qa6 {Strongly threatening ...Qxa3.} 29. Qg3 {Threatens to win with Qb8+.} Rc8 {Played: Qa6-c4} 0-1

[Event "40th IND-chT Open 2020"]
[Site "Ahmedabad"]
[Date "2020.02.09"]
[Round "4.16"]
[White "Laxman, R.R."]
[Black "Patel, Palak"]
[Result "1-0"]
[WhiteElo "2432"]
[BlackElo "1830"]
[Annotator "TA"]
[PlyCount "57"]
[EventDate "2020.02.05"]
[EventCountry "IND"]
[SourceTitle "playchess.com"]
[Source "ChessBase"]
[SourceQuality "1"]

{[%evp 9,73,14,42,35,54,51,56,59,83,33,55,43,67,61,57,25,20,-35,-31,-26,-31,-46,-37,-42,-38,-62,-61,-118,-127,-103,-86,-76,-64,-68,-29,-39,0,0,0,0,0,-27,-27,-30,-11,-40,0,0,5,0,532,452,437,241,1100,1088,1088,1116,1110,1075,984,893,2089,1821,1452,1066]} 1. d4 Nf6 2. Nf3 d5 3. c4 e6 4. g3 c6 5. Bg2 Ne4 6. O-O {E01: Catalan: Early deviations.} Nd7 7. Nfd2 f5 8. Nxe4 {White is slightly better.} fxe4 9. Nc3 Nf6 {[#]} 10. b3 $146 ({Predecessor:} 10. f3 exf3 11. Bxf3 Bb4 12. e4 Bxc3 13. bxc3 O-O 14. Ba3 Rf7 15. e5 Nd7 16. cxd5 cxd5 17. Bh5 Rxf1+ 18. Qxf1 g6 19. Qf4 gxh5 20. Rf1 Qe8 21. Qg5+ Kh8 {1-0 (21) Ten Hagen,Y (2189)-Albrecht,A (1939) Vlissingen 2011}) 10... Be7 11. f3 exf3 12. Bxf3 O-O 13. Bb2 (13. Bf4 $11) 13... dxc4 $1 $15 14. bxc4 e5 {Hoping for ...Bh3.} 15. e3 exd4 16. exd4 Bh3 17. Re1 Bb4 18. Bg2 (18. a3 $15 Ba5 19. Re5) 18... Qd7 $17 19. Qd3 Bxg2 20. Kxg2 Ng4 21. Re2 $1 Rae8 {aiming for ...Rxe2+.} 22. Ne4 $1 Qf5 23. h3 $1 $36 {[%cal Rh3g4][%mdl 2048] White is more active.} Nh6 {[%cal Bg4h6,Bh6f5,Bf5h4][%mdl 32]} 24. Rd1 Qg6 25. Bc1 Nf5 {...Nd6 is the strong threat.} 26. c5 $1 Ba5 27. d5 Nh4+ 28. Kh1 Rf3 29. Qc4 {Played: Ne4-f6} 1-0

[Event "40th IND-chT Open 2020"]
[Site "Ahmedabad"]
[Date "2020.02.09"]
[Round "4.17"]
[White "Sidhant, Mohapatra"]
[Black "Piyush Kumar"]
[Result "1-0"]
[WhiteElo "2367"]
[BlackElo "1569"]
[Annotator "TA"]
[PlyCount "49"]
[EventDate "2020.02.05"]
[EventCountry "IND"]
[SourceTitle "playchess.com"]
[Source "ChessBase"]
[SourceQuality "1"]

{[%evp 17,120,37,38,33,59,35,41,34,91,72,108,100,106,106,91,93,88,97,145,139,140,147,129,129,122,99,212,117,104,106,100,114,106,79,85,87,79,83,76,13,22,12,25,11,11,11,11,15,26,34,31,28,31,19,19,19,40,19,26,25,20,20,27,27,44,29,61,46,46,51,60,56,76,78,103,110,131,127,334,343,315,260,237,219,642,564,498,481,2388,3999,2683,2281,3594,2450,1362,1493,29970,29971,29971,29969,29983,29984,29984,29985,29985]} 1. Nf3 d5 2. e3 Nf6 3. c4 e6 4. Nc3 c6 5. b3 Bd6 6. d4 O-O 7. Qc2 Nbd7 8. Be2 dxc4 9. bxc4 e5 10. O-O {D45: Semi-Slav: 5 e3.} h6 11. Bb2 Re8 {[#]} 12. Rad1 $146 {White is slightly better.} ({Predecessor:} 12. a4 e4 13. Nd2 Qe7 14. a5 a6 15. Rfe1 Nf8 16. f3 Qc7 17. f4 Bb4 18. Nb3 c5 19. d5 {1-0 (48) Cruz,C (2553)-Cuellar,D (2382) Lima 2016}) 12... e4 (12... Qe7 $14) 13. Ne5 $16 Qe7 14. Nxe4 Nxe4 15. Qxe4 f5 16. Qf4 Nxe5 17. dxe5 Bxe5 18. Bxe5 Qxe5 19. Qxe5 Rxe5 20. Rd8+ Kf7 21. Rfd1 b6 (21... g6 $16 {was called for.} 22. g3 Ra5) 22. Bh5+ ({White should try} 22. g3 $18) 22... g6 23. Bf3 {aiming for Rh8.} Bb7 24. R8d7+ Re7 25. h4 {Played: Rd7xb7} 1-0

[Event "40th IND-chT Open 2020"]
[Site "Ahmedabad"]
[Date "2020.02.09"]
[Round "4.17"]
[White "Sidhant, Mohapatra"]
[Black "Piyush Kumar"]
[Result "*"]
[WhiteElo "2367"]
[BlackElo "1569"]
[Annotator "TA"]
[PlyCount "43"]
[EventDate "2020.02.05"]
[EventCountry "IND"]
[SourceTitle "playchess.com"]
[Source "ChessBase"]
[SourceQuality "1"]

{[%evp 14,15,7,1]} 1. Nf3 d5 2. e3 Nf6 3. c4 e6 4. Nc3 c6 5. b3 Bd6 6. d4 O-O 7. Qc2 Nbd7 8. Be2 {[#]} {Predecessor:} b6 $146 {D45: Semi-Slav: 5 e3.} 9. O-O Bb7 10. Bb2 Qe7 11. Rad1 Rad8 12. Rfe1 Rfe8 13. Bf1 c5 14. cxd5 exd5 15. g3 Rc8 16. Qb1 cxd4 17. Nxd4 Bb4 18. Qa1 Ne5 19. Bg2 Qd7 20. a3 Bc5 21. Nce2 Ne4 22. Nf4 {½-½ (22) So,W (2760)-Giri,A (2776) Kolkata 2019} *

[Event "40th IND-chT Open 2020"]
[Site "Ahmedabad"]
[Date "2020.02.09"]
[Round "4.18"]
[White "Mohit Kumar Soni"]
[Black "Sahoo, Utkal Ranjan"]
[Result "0-1"]
[WhiteElo "1857"]
[BlackElo "2336"]
[Annotator "TA"]
[PlyCount "66"]
[EventDate "2020.02.05"]
[EventCountry "IND"]
[SourceTitle "playchess.com"]
[Source "ChessBase"]
[SourceQuality "1"]

{[%evp 13,66,-52,-41,-39,26,-16,-3,-29,4,-59,-54,-57,-32,-41,-37,-49,159,104,122,83,110,14,0,0,0,-28,-32,-28,-26,-45,-79,-80,-106,-153,-155,-168,-176,-161,-57,-102,-11,-486,-96,-64,-54,-74,0,0,0,0,0,-156,-106,-29989,-29990]} 1. e4 e5 2. d4 exd4 3. Qxd4 Nc6 4. Qe3 Nf6 5. Nc3 Bb4 6. Bd2 O-O 7. O-O-O Re8 8. f3 {C22: Centre Game.} d6 (8... d5 $15 9. Qf2 dxe4) 9. h4 {[#]} d5 $146 ({Predecessor:} 9... a5 10. Qg5 Bd7 11. h5 Re5 12. Qg3 Rxh5 13. Rxh5 Nxh5 14. Qh2 Bxc3 15. Bxc3 Qg5+ {0-1 (28) Stankovic,G (2074)-Payen,A (2369) Belgrade 2006}) 10. Qf2 {The position is equal.} d4 11. Bg5 (11. Nce2 $11) 11... Bxc3 $15 12. bxc3 Qe7 13. cxd4 Qa3+ {[%mdl 64] Double Attack} 14. Kb1 $1 {[#]} Na5 $2 (14... Rxe4 $1 $15 {[%mdl 512]} 15. Bxf6 (15. fxe4 Nxe4) 15... Re6) 15. Rd3 (15. Qe3 $142 $1 {[%cal Re3a3]} Qxe3 16. Bxe3) 15... Qb4+ $16 16. Kc1 Re6 ({Don't go for} 16... Nc4 $2 17. Rb3 $18) 17. c3 (17. Qd2 $16 Qa4 18. Qc3) 17... Qf8 $11 18. Qc2 Bd7 19. d5 Rb6 20. c4 $1 {[%cal Rc4c5]} Rb4 {And now ...Ba4 would win.} 21. Rc3 Ba4 22. Qf2 Nd7 $1 23. Be3 c6 24. h5 cxd5 25. exd5 {[#]} Rc8 ({Black should play} 25... Nxc4 $1 $19 {[%mdl 512]} 26. Bxc4 (26. Rxc4 Rxc4+) 26... Rc8) 26. Rh4 $1 $15 {[#]} Qd6 ({Better is} 26... b6 $1 $17) 27. Rd4 $2 {[%mdl 8192]} (27. Qd2 $11 {and White is okay.} Nc5 28. Bxc5 Qxc5 29. Qe3) 27... Qb6 $2 (27... Nc5 $19 {and Black stays clearly on top. aiming for ...Qb6.} 28. Bd3 Nxd3+ 29. Rdxd3 Nxc4) 28. Bd3 $17 Ne5 {[%mdl 1024] Black has compensation.} 29. Bf5 Bd7 (29... Re8 $17 {Strongly threatening ...Qf6.} 30. d6 Qa6) 30. Bc2 $11 {Hoping for c5!} Qa6 $36 {[%cal Re5c4][%mdl 2048] Black has good play.} 31. c5 $1 Nac4 {...Qa5 is the strong threat.} 32. a3 $2 ({White must play} 32. Bf4 $11 Qa5 33. Bxe5 Nxe5 34. Ne2 Rxc5 35. Rxc5 Qxc5 36. Qh4) 32... Rxc5 $17 {Threatens to win with ...Bf5!} 33. axb4 $4 {[%mdl 8192]} ({But not} 33. Bxh7+ $2 Kxh7 34. Qc2+ {[#]} Bf5 $1 $19 {[%mdl 512]}) (33. h6 $17 Nxa3 34. Rxc5 Nxc2 35. Qxc2 Qa1+ 36. Kd2 Rxd4+ 37. Bxd4 Qxd4+ 38. Ke2 gxh6 39. f4) 33... Qa1+ {[%mdl 64] Double Attack. Accuracy: White = 48%, Black = 57%.} 0-1

[Event "40th IND-chT Open 2020"]
[Site "Ahmedabad"]
[Date "2020.02.09"]
[Round "4.19"]
[White "Nayak Rajesh"]
[Black "Rahul, Kumar"]
[Result "1-0"]
[WhiteElo "2169"]
[BlackElo "1818"]
[Annotator "TA"]
[PlyCount "83"]
[EventDate "2020.02.05"]
[EventCountry "IND"]
[SourceTitle "playchess.com"]
[Source "ChessBase"]
[SourceQuality "1"]

{[%evp 22,83,28,23,50,47,43,35,58,55,57,47,68,68,107,103,118,96,102,103,96,99,104,91,91,96,85,88,133,88,84,74,77,77,78,79,78,54,128,123,125,76,97,56,58,65,81,65,90,87,158,175,206,200,254,249,222,222,202,209,367,372,985,959]} 1. e4 e5 2. Nf3 Nc6 3. Nc3 Nf6 4. Bb5 d6 5. d4 exd4 6. Nxd4 Bd7 7. O-O Be7 8. Re1 O-O 9. Bxc6 bxc6 {[%cal Bb7c6,Bc6c5][%mdl 32]} 10. Qf3 c5 11. Nf5 Bxf5 12. Qxf5 Qc8 {C66: Ruy Lopez: Steinitz Defence.} 13. Qxc8 Raxc8 {[#]} 14. Bg5 $146 ({Predecessor:} 14. e5 dxe5 15. Rxe5 Bd6 16. Re1 Rb8 17. Rb1 Rb4 18. Bg5 Re8 19. Rxe8+ Nxe8 20. Re1 {½-½ (62) Pritchett,C (2286)-Pastor Alonso de Prado,E (2102) Bled 2018}) 14... Rb8 {White is slightly better.} 15. b3 h6 16. Bh4 Rb4 17. f3 Rb7 18. e5 Nd5 19. Nxd5 Bxh4 20. g3 Bd8 21. exd6 cxd6 22. Re4 f5 23. Re6 Rd7 24. Kf2 Bb6 25. c4 Bd8 26. Rae1 f4 27. R1e4 fxg3+ 28. hxg3 Bf6 29. f4 h5 ({Better is} 29... Kf7 $14) 30. Kf3 $16 Kf7 31. Re2 Rh8 32. R6e4 Rb8 33. Rh2 Rh8 34. Re1 Kg6 35. Reh1 Rh6 (35... a5 $142) 36. Ke4 Bd4 {[#]} 37. b4 $1 a6 38. a4 Rh8 39. f5+ Kg5 {[#]} 40. Nf4 $1 d5+ $2 (40... Bf6 {was worth a try.}) 41. cxd5 $18 Rg8 $2 (41... Rb8 42. bxc5 (42. Rxh5+ Kf6 $18) 42... Bxc5 43. Ne6+ {[%mdl 64] Double Attack} (43. Rxh5+ Kf6 $16) 43... Kf6 44. Nxc5 Rb4+ 45. Kf3 Rxd5 46. Ne4+ (46. Nxa6 Rxa4 47. Nc7 Rd3+ 48. Kg2 Ra2+ 49. Kh3 Rxh2+ 50. Rxh2 Kxf5 $16) (46. Rxh5 Rxc5 47. R1h4 Rb3+ 48. Kg2 Rxf5 $11) 46... Ke5) 42. bxc5 {Played: Nf4-e6} 1-0

[Event "40th IND-chT Open 2020"]
[Site "Ahmedabad"]
[Date "2020.02.09"]
[Round "4.20"]
[White "Harsh, Himanshu"]
[Black "Swain Ashirwad"]
[Result "1-0"]
[WhiteElo "1762"]
[BlackElo "2087"]
[Annotator "NA RC"]
[PlyCount "51"]
[EventDate "2020.02.05"]
[EventCountry "IND"]
[SourceTitle "playchess.com"]
[Source "ChessBase"]
[SourceQuality "1"]
[TimeControl "5400+30"]

1. e4 d5 2. exd5 Qxd5 3. Nc3 Qd6 4. g3 Nf6 5. Bg2 a6 6. Nge2 {B01: Scandinavian Defence.} Nc6 7. d4 Bg4 8. Bf4 Qd7 {[#]} ({Black should play} 8... Qb4 $1 $14) 9. h3 (9. d5 $1 $16 {[%cal Rd5c6]} Na7 10. h3) 9... Bxe2 (9... Be6 $2 {[%mdl 8192]}) (9... Bf5 $14) 10. Nxe2 O-O-O 11. c3 Nd5 12. O-O {[#]} Nxf4 $146 ({Predecessor:} 12... h6 13. b4 g5 14. Bd2 e5 15. a4 Bg7 16. b5 Nb8 17. c4 Ne7 18. Qb3 a5 {1-0 (36) Polonovsky,E (2180)-Kharchenko,D (2009) St Petersburg 2012}) 13. Nxf4 e6 14. Qf3 Bd6 15. Nd3 Rdf8 16. b4 f5 17. a4 Nd8 18. b5 a5 19. Ne5 Qe7 20. Nc4 g5 21. Nxa5 h5 22. Nxb7 g4 23. hxg4 hxg4 24. Nxd6+ $18 Qxd6 25. Qf4 Nf7 26. a5 1-0

[Event "40th IND-chT Open 2020"]
[Site "Ahmedabad"]
[Date "2020.02.09"]
[Round "4.21"]
[White "Rupesh, Ranjan"]
[Black "Prasenjit Dutta"]
[Result "0-1"]
[WhiteElo "1889"]
[BlackElo "2285"]
[Annotator "TA"]
[PlyCount "79"]
[EventDate "2020.02.05"]
[EventCountry "IND"]
[SourceTitle "playchess.com"]
[Source "ChessBase"]
[SourceQuality "1"]

{[%evp 9,79,39,47,39,34,25,43,14,41,18,34,-6,9,-37,10,0,0,10,67,46,52,-55,-58,-70,-61,-50,-34,-57,-63,-64,-54,-96,-68,-147,-145,-143,-96,-266,-256,-299,-305,-749,-254,-279,-272,-263,-269,-231,-232,-227,-190,-172,-20,-62,-20,-95,0,-102,3,0,5,5,31,0,0,0,0,0,0,-12,112,148]} 1. e4 d6 2. d4 Nd7 3. Nc3 e5 4. Nf3 c6 5. a4 Be7 6. Be3 {C41: Philidor Defence.} Ngf6 7. h3 Qc7 8. Be2 {White is slightly better.} Nf8 {[%cal Bd7f8,Bf8g6,Bg6h4,Bh4g2,Bg2e3][%mdl 32]} 9. Qd2 Ng6 {[#]} 10. g4 $146 ({Predecessor:} 10. g3 h6 11. h4 Ng4 12. h5 Nxe3 13. Qxe3 Nf8 14. d5 Qb6 15. Qxb6 axb6 16. Ra3 {½-½ (63) Facchetti,G (2090)-Guaglianone,M (2016) Arvier 2012}) 10... h6 11. Nh2 Nh7 12. Nf1 Nh4 13. O-O-O $1 Qa5 (13... Ng2 $11) 14. Ng3 Ng2 15. Nf5 (15. h4 $14) 15... Bxf5 $1 $15 16. exf5 Nxe3 17. fxe3 exd4 18. Qxd4 O-O 19. h4 Bf6 20. Qd3 d5 21. Rh3 (21. g5 $15 hxg5 22. hxg5 Nxg5 23. Rh5) 21... Rfe8 22. Rdh1 Bxc3 23. bxc3 $2 (23. Qxc3 $17 {was forced.} Qxc3 24. bxc3) 23... Nf6 $19 {Strongly threatening ...Ne4.} (23... Qxa4 24. g5 $1 $17 {[%mdl 512]}) 24. Bf3 {and the idea g5 leaves White hopeful.} Qxa4 25. g5 $2 (25. Kb1) 25... Qa3+ $2 (25... Ne4 {[%cal Ra4a1]} 26. Kb1 Nf2 {[%mdl 64] Double Attack}) 26. Kd1 Ne4 {Hoping for ...Nf2+.} 27. Ke2 h5 28. Bxh5 Re5 29. f6 Nxc3+ 30. Kf1 Qa6 $2 ({Black should try} 30... Qb4 $19 {aiming for ...gxf6.} 31. fxg7 Ne4) 31. fxg7 Ne4 32. Kg2 {[#]} (32. Qxa6 $11 bxa6 33. Kg2) 32... Rf5 (32... Qxd3 $1 $17 33. cxd3 Nd6) 33. Bf3 (33. Rb1 $11 {remains equal.}) 33... Re8 (33... Qa4 $17 34. Rb1 b5) 34. Qxa6 $11 bxa6 35. Ra1 Nd2 36. Bg4 Rfe5 37. Rxa6 Nc4 38. Bh5 Nxe3+ 39. Kf2 Kxg7 (39... Nxc2 $11 {keeps the balance.} 40. Rxc6 Nd4) 40. Rxa7 {[%mdl 32768] Accuracy: White = 53%, Black = 54%. . Loss on time!?} 0-1

[Event "40th IND-chT Open 2020"]
[Site "Ahmedabad"]
[Date "2020.02.09"]
[Round "4.21"]
[White "Rupesh, Ranjan"]
[Black "Prasenjit Dutta"]
[Result "*"]
[WhiteElo "1889"]
[BlackElo "2285"]
[Annotator "TA"]
[PlyCount "34"]
[EventDate "2020.02.05"]
[EventCountry "IND"]
[SourceTitle "playchess.com"]
[Source "ChessBase"]
[SourceQuality "1"]

{[%evp 8,8,38]} 1. e4 d6 2. d4 Nd7 3. Nc3 e5 4. Nf3 c6 {[#]} {Predecessor:} 5. Bc4 $146 h6 6. O-O {C41: Philidor Defence.} Ngf6 7. a4 Be7 8. Qe2 O-O 9. Rd1 Qc7 10. Ba2 exd4 11. Nxd4 Re8 12. Bf4 Ne5 13. Bg3 Bf8 14. h3 a5 15. Rab1 Ng6 16. Qd3 Ne5 17. Qe2 Ng6 {0-1 (44) Martinez Romero,M (2477)-Valderrama Quiceno,E (2542) Quibdo 2015} *